Deutsches Wörterbuch : mit Einem, Lexikon der Deutschen Sprachlehre /

Enregistré dans:
Détails bibliographiques
Auteur principal: Wahrig, Gerhard (autor)
Format: Livre
Langue:German
Publié: Berlín, Alemania : Beterlsmann, 1975, c1975
Édition:Nueva ed.
Sujets:
Tags: Ajouter un tag
Pas de tags, Soyez le premier à ajouter un tag!

MARC

LEADER 00000nam^a2200000^a^4500
001 000184668
005 20250521000000.0
009 20260310102123.404
020 |a 3-570-01631-5 
037 |a Acervo ITESO - Biblioteca 
041 |a ALE 
082 |a 443.  |b WAH 
100 |a Wahrig, Gerhard  |e (autor) 
245 1 0 |a Deutsches Wörterbuch :  |b mit Einem, Lexikon der Deutschen Sprachlehre /  |c G. Wahrig. 
250 |a Nueva ed. 
264 4 |a Berlín, Alemania :  |b Beterlsmann,  |c 1975, c1975 
300 |a 4320 p. 
336 |a texto  |b txt  |2 rdacontenido 
337 |a sin mediación  |b n  |2 rdamedio 
338 |a volumen  |b nc  |2 rdasoporte 
649 |a XX 
650 |a Alemán -  |x Enciclopedias y Diccionarios 
650 |a Lenguas Germánicas -  |x Enciclopedias y Diccionarios 
650 |a Lenguas Indo-Europeas -  |x Enciclopedias y Diccionarios 
650 |a Lenguas -  |x Enciclopedias y Diccionarios 
650 |a Lingüística -  |x Enciclopedias y Diccionarios 
910 |a Fondo General 
920 |a Impresos - Libros 
930 |a Obras de Referencia 
905 |a 102 
901 |a 0500125571  |b IT2  |c REF  |u 20250521 
902 |a https://opac.biblio.iteso.mx/vufind/Record/000184668